College Football - Team Logos: Pac-12/Mountain West - Statistics

General Stats
  • This quiz has been taken 197 times
    121 since last reset
  • The average score is 12 of 14
Answer Stats
Question Answer % Correct
Choose the Mountain West team:
100%
Choose the Mountain West team:
98%
Choose the Mountain West team:
93%
Choose the Pac-12 team:
93%
Choose the Mountain West team:
91%
Choose the Mountain West team:
91%
Choose the Mountain West team:
91%
Choose the Mountain West team:
86%
Choose the Mountain West team:
84%
Choose the Mountain West team:
84%
Choose the Mountain West team:
84%
Choose the Pac-12 team:
84%
Choose the Mountain West team:
82%
Choose the Mountain West team:
77%
No matching quizzes found
Score Distribution
Percent of People with Each Score
Percentile by Number Answered
Your Score History
You have not taken this quiz since the last reset